Music Quiz

Random Music or Song Quiz

Frank Turner Songs Quiz Stats

 Plays Quiz not verified by Sporcle

Challenge
Share
Tweet
Embed
Score 0/36 Timer 15:00
0 Plays Today
Lyric Song Title % Correct
'Well I was working on some words when Sarah called me up, she said that Lex had gone to sleep and wasn't waking up.'Long Live The Queen
96.7%
'But no one's yet explained to me exactly what's so great about slaving 50 years away on something that you hate.'Photosynthesis
74.4%
'Yeah by idiot f**king hippies in fifty different factions, locked inside some kind of sixties battle re-enactment.'Love Ire & Song
73.3%
'We're almost on the guest list, but we're always stuck in traffic.'I Knew Prufrock Before He Got Famous
70.2%
'But oh, what I would give, not to stumble but to really fall in love.'Substitute
68.8%
'And there’s no such thing as rock stars, there’s just people who play music, and some of them are just like us, and some of them are d**ks.'Try This At Home
67.7%
'I will save my soul in the arms of Isabel.'Isabel
67.5%
'He's crap at dancing, and he can't hold his drink.'Reasons Not To Be An Idiot
65.3%
'Everybody thinks they’ll be the man, including the girls.'The Ballad Of Me And My Friends
64.1%
'And we haven't done enough of this simple kind of stuff this year. It's clear we're getting older and it shows.'Dan's Song
63.5%
'I travelled 40,000 miles last year and I'm working on the same again.'Jet Lag
63.5%
'So saddle up your horses and keep your powder dry, because the truth is you won't be here long, soon you're going to die.'The Road
63.4%
'And in the end at least you never try to f**k my friends.'Worse Things Happen At Sea
62.5%
'But it was a bit of a disaster because. I did the sides with kitchen scissors.'Father's Day
61.3%
'I’m going to end my days in a house with high windows on the quiet shores in the South-West.'Live Fast Die Old
60.6%
'And that's the way that a French kiss from an English boy can capture a Parisian girl.'To Take You Home
57.8%
'So if ever a man should ask you for your business, or your name, tell him to go and f**k himself, tell his friends to do the same.'Sons Of Liberty
57.7%
'But life is too long to just sing the one song, so we'll burn like a beacon and then we'll be gone.'Poetry Of The Deed
57.2%
Lyric Song Title % Correct
'I could have played safe, but in the end the journey's brought joys that outweigh the pain.'Journey Of The Magi
53.3%
'So when I get out my guitar tonight to do what I do. Remember, I probably didn’t write this song for you.'Romantic Fatigue
53.3%
'Nebraska is just a bunch of songs, all the way in Hampshire is where I belong.'Nashville Tennessee
52.6%
'Friday evening barely even begins before my phone begins to ring with people asking where I am.'St Christopher Is Coming Home
52.6%
'He said he’s not for sale, said that he felt hounded, crowded and surrounded by this life he didn’t choose.'Richard Divine
52.2%
'I’ve got friends who are bankers, and it’s an easy rhyme to call them wankers.'Once We Were Anarchists
51.7%
'If I stand on dry land for a minute, I feel sick and then, I have to start moving again.'Sea Legs
51.1%
'I'm bored of this town, bored of this scene, bored of these people, yeah.'This Town Ain't Big Enough For The One Of Me
50.7%
'Punkrock changed my life.'Back In The Day
49.9%
'I keep nearly missing you around corners and in passing trains.'Smiling At Strangers On Trains
45.1%
'Hold your goddamn tongue, you forget yourself.'Hold Your Tongue
43.3%
'I've proved prudent taking toothpaste to the pub.'Casanova Lament
43.3%
'And suddenly it’s as clear as clear could be: I’m not quite the perfect man that I hoped I’d be.'Wisdom Teeth
41.1%
'And I am finally seeing, why I was the one worth leaving'District Sleeps Alone Tonight
39.3%
'All the things I ever wanted, better than the powder and pills.'My Kingdom For A Horse
35.8%
'I'd have to learn to swim, Much better than my doggy-paddle way.'Front Crawl
35.5%
'It seems a little bit rich to me the way the rich only ever talk of charity'Thatcher F**ked The Kids
22.4%
'I barely know who you are, but I'll break your heart and then I'll sleep in your car.'Heartless Bastard Motherf**ker
20.1%

You're not logged in!

Compare scores with friends on all Sporcle quizzes.
OR
Log In

You Might Also Like...

Show Comments

Extras

Top Quizzes Today


Score Distribution

Your Account Isn't Verified!

In order to create a playlist on Sporcle, you need to verify the email address you used during registration. Go to your Sporcle Settings to finish the process.

Report this User

Report this user for behavior that violates our Community Guidelines.

Details: